[Event "Three Checks: The power of three"]
[Site "SchemingMind.com"]
[Date "2010.10.27"]
[Round "-"]
[White "Quirine"]
[Black "thefriediceman"]
[Result "0-1"]
[WhiteCountry "NED"]
[BlackCountry "USA"]
[WhiteElo "1732"]
[WhiteRD "106"]
[BlackElo "1878"]
[BlackRD "112"]
[GameID "264994"]

1. e4 e6 2. Nf3 Bc5 3. Qe2 Nc6 4. c3 Nf6 5. d4 Be7 6. Qc2 b6 7. Bd3 Ng4 8. g3 a5 9. h3 Nf6 10. e5 Nd5
11. a3 Bb7 12. Nbd2 Bg5 13. Nxg5 Qxg5 14. Ne4 Qh5 15. g4 Qh4 16. Bg5 Ne3 17. Bxe3 Qe7
0-1

[Event "Three Checks: The power of three"]
[Site "SchemingMind.com"]
[Date "2010.10.28"]
[Round "-"]
[White "Quirine"]
[Black "agentofchaos"]
[Result "1-0"]
[WhiteCountry "NED"]
[BlackCountry "AUS"]
[WhiteElo "1828"]
[WhiteRD "112"]
[BlackElo "1289"]
[BlackRD "211"]
[GameID "264995"]

1. e4 e6 2. Nf3 Bc5 3. Qe2 Nf6 4. Kd1 Ng4 5. d4 Bb4 6. c3 Ba5 7. Bg5 f6 8. Bh4 Qe7 9. Nbd2 g5 10. Nxg5 Nxf2+
11. Bxf2 fxg5 12. Qh5+ Kd8 13. Be3 Nc6 14. Bxg5 Qxg5 15. Qxg5+
1-0

[Event "Three Checks: The power of three"]
[Site "SchemingMind.com"]
[Date "2010.10.27"]
[Round "-"]
[White "thefriediceman"]
[Black "Quirine"]
[Result "1-0"]
[WhiteCountry "USA"]
[BlackCountry "NED"]
[WhiteElo "1878"]
[WhiteRD "112"]
[BlackElo "1732"]
[BlackRD "106"]
[GameID "264996"]

1. e3 e6 2. Nf3 c5 3. Ne5 Nf6 4. Be2 Be7 5. b3 a6 6. Bb2 O-O 7. Bd3 g6 8. Ng4 Nxg4 9. Qxg4 f5 10. Qh3 Bf6
11. Bxf6 Qxf6 12. Nc3 d5 13. Rb1 Nc6 14. O-O Ne5 15. Be2 b5 16. Rbd1 d4 17. Nb1 Bb7 18. exd4 cxd4 19. Rc1
1-0

[Event "Three Checks: The power of three"]
[Site "SchemingMind.com"]
[Date "2010.10.28"]
[Round "-"]
[White "agentofchaos"]
[Black "Quirine"]
[Result "1-0"]
[WhiteCountry "AUS"]
[BlackCountry "NED"]
[WhiteElo "1344"]
[WhiteRD "152"]
[BlackElo "1649"]
[BlackRD "103"]
[GameID "264997"]

1. e3 e6 2. Qh5 Nf6 3. Qxf7+ Kxf7 4. Nf3 Ke8 5. Bb5 c6 6. Bc4 d5 7. Be2 Bd6 8. b3 Nbd7 9. Bb2 e5 10. d3 Bb4+
11. Bc3 Bxc3+ 12. Nxc3 Qa5 13. O-O Qxc3 14. Rab1 e4 15. dxe4 Nxe4 16. Bd3 Ndf6 17. Bxe4
1-0

[Event "Three Checks: The power of three"]
[Site "SchemingMind.com"]
[Date "2010.11.04"]
[Round "-"]
[White "tom claxton"]
[Black "Quirine"]
[Result "0-1"]
[WhiteCountry "ENG"]
[BlackCountry "NED"]
[WhiteElo "1134"]
[WhiteRD "192"]
[BlackElo "1828"]
[BlackRD "112"]
[GameID "265214"]

1. e3 e6 2. Nf3 Nf6 3. d3 d5 4. c3 Bd7 5. Ne5 Bd6 6. Ng4 Nxg4 7. Qxg4 Qf6 8. d4 h5 9. Qe2 a6 10. Qc2 h4
11. g3 hxg3 12. fxg3 Nc6 13. c4 Nb4 14. Qd2 Bxg3+ 15. Ke2 Qf2+ 16. Kd1 Qf3+
0-1

[Event "Three Checks: The power of three"]
[Site "SchemingMind.com"]
[Date "2010.10.30"]
[Round "-"]
[White "tom claxton"]
[Black "thefriediceman"]
[Result "0-1"]
[WhiteCountry "ENG"]
[BlackCountry "USA"]
[WhiteElo "1240"]
[WhiteRD "239"]
[BlackElo "1787"]
[BlackRD "118"]
[GameID "265215"]

1. Nf3 e6 2. e3 Nc6 3. Bc4 Nh6 4. b3 Qf6 5. Nc3 a6 6. O-O Bd6 7. g3 b5 8. Bd3 b4 9. Ne4 Qxa1 10. Nxd6+ cxd6
11. Ng5 g6 12. Qf3 Nf5 13. Be4 Ne5 14. Qf4 h6 15. Bxa8 hxg5 16. Qxg5 Nf3+ 17. Bxf3 Rxh2 18. Kxh2 Qh8+ 19. Kg1 Qh2+
0-1

[Event "Three Checks: The power of three"]
[Site "SchemingMind.com"]
[Date "2010.10.31"]
[Round "-"]
[White "tom claxton"]
[Black "agentofchaos"]
[Result "1-0"]
[WhiteCountry "ENG"]
[BlackCountry "AUS"]
[WhiteElo "1437"]
[WhiteRD "158"]
[BlackElo "1230"]
[BlackRD "152"]
[GameID "265216"]

1. Nc3 e6 2. e3 Qh4 3. g3 Qf6 4. Bc4 Nh6 5. Nf3 a6 6. Ne4 Qf5 7. Nd6+ Bxd6 8. b3 Qh3 9. Bf1 Qxf1+ 10. Rxf1 b6
11. Bb2 O-O 12. Be5 Bxe5 13. Nxe5 d6 14. Ng4 Nxg4 15. Qxg4 g6 16. Qg5 e5 17. f4 Bh3 18. Rg1 Nd7 19. O-O-O Kg7 20. f5 Nf6
21. fxg6 fxg6 22. Qh4 Bg4 23. Rgf1 h5 24. Rde1 Rf7 25. Qg5 Raf8 26. Rf2 Ne4 27. Rxf7+ Rxf7 28. Qh6+
1-0

[Event "Three Checks: The power of three"]
[Site "SchemingMind.com"]
[Date "2010.11.04"]
[Round "-"]
[White "Quirine"]
[Black "tom claxton"]
[Result "1-0"]
[WhiteCountry "NED"]
[BlackCountry "ENG"]
[WhiteElo "1828"]
[WhiteRD "112"]
[BlackElo "1134"]
[BlackRD "192"]
[GameID "265217"]

1. e4 e6 2. Nf3 Nc6 3. c3 Bc5 4. d4 Bd6 5. Bd3 Nf6 6. e5 Be7 7. exf6 Bxf6 8. O-O d5 9. Bf4 Bd7 10. g4 O-O
11. Bxh7+ Kh8 12. Bc2 g6 13. Qe2 Bg7 14. Bg5 Qe8 15. Re1 f6 16. Bf4 e5 17. dxe5 fxe5 18. Bxe5 Nxe5 19. Nxe5 Qxe5 20. Qxe5 Bxe5
21. Rxe5 Bxg4 22. Re7 Rxf2 23. Rh7+ Kxh7 24. Bxg6+
1-0

[Event "Three Checks: The power of three"]
[Site "SchemingMind.com"]
[Date "2010.10.31"]
[Round "-"]
[White "agentofchaos"]
[Black "tom claxton"]
[Result "0-1"]
[WhiteCountry "AUS"]
[BlackCountry "ENG"]
[WhiteElo "1230"]
[WhiteRD "152"]
[BlackElo "1437"]
[BlackRD "158"]
[GameID "265219"]

1. e3 e6 2. Nf3 Nc6 3. c3 Nf6 4. Bc4 Bc5 5. a3 d5 6. Bb5 Bd7 7. d4 Bd6 8. h3 Ne4 9. Nbd2 Nxd2 10. Bxd2 a6
11. Bd3 Qf6 12. O-O Bh2+ 13. Nxh2 O-O-O 14. Ng4 Qe7 15. c4 dxc4 16. Bxc4 Rhe8 17. Bc3 f6 18. d5 exd5 19. Bxd5 h5 20. Qf3 hxg4
21. Qf4 Qd6 22. Bf7 Qxf4 23. exf4 Re7 24. Bd5 gxh3 25. gxh3 Bxh3 26. Bg2 Bxg2 27. Kxg2 Rf7 28. Rae1 g5 29. fxg5 fxg5 30. Re3 g4
31. Rg3 Ne7 32. Rxg4 Nf5 33. Re1 Nh4+ 34. Rxh4 Rg8+
0-1

[Event "Three Checks: The power of three"]
[Site "SchemingMind.com"]
[Date "2010.12.11"]
[Round "-"]
[White "Carlos Mena"]
[Black "thefriediceman"]
[Result "1-0"]
[WhiteCountry "ARG"]
[BlackCountry "USA"]
[WhiteElo "1955"]
[WhiteRD "100"]
[BlackElo "1786"]
[BlackRD "100"]
[GameID "269145"]

1. e3 e6 2. Nc3 Nf6 3. Nf3 Nc6 4. d4 d5 5. Bd3 Bd7 6. O-O a6 7. a3 Bd6 8. Qe2 Ng4 9. g3 h5 10. e4 dxe4
11. Nxe4 Be7 12. h3 Nh6 13. Re1 Kf8 14. Neg5 Ke8 15. Nh7 Rxh7 16. Bxh7 Na5 17. Bxh6 gxh6 18. Qe5 Bc6 19. Qh8+ Kd7 20. Ne5+
1-0

[Event "Three Checks: The power of three"]
[Site "SchemingMind.com"]
[Date "2010.12.08"]
[Round "-"]
[White "Carlos Mena"]
[Black "tom claxton"]
[Result "1-0"]
[WhiteCountry "ARG"]
[BlackCountry "ENG"]
[WhiteElo "1859"]
[WhiteRD "118"]
[BlackElo "1134"]
[BlackRD "192"]
[GameID "269147"]

1. e3 e6 2. Nc3 c6 3. d4 d5 4. Nf3 f6 5. Bd3 g6 6. Nh4 f5 7. g3 Nf6 8. Bd2 Ng4 9. Qf3 Nd7 10. O-O-O Bb4
11. Kb1 Qa5 12. Nxf5 exf5 13. Bxf5 gxf5 14. h3 Nh6 15. Qh5+ Nf7 16. Qxf5 Bxc3 17. Qe6+ Kf8 18. Qe7+
1-0

[Event "Three Checks: The power of three"]
[Site "SchemingMind.com"]
[Date "2010.12.11"]
[Round "-"]
[White "thefriediceman"]
[Black "Carlos Mena"]
[Result "0-1"]
[WhiteCountry "USA"]
[BlackCountry "ARG"]
[WhiteElo "1786"]
[WhiteRD "100"]
[BlackElo "1955"]
[BlackRD "100"]
[GameID "269149"]

1. e3 e6 2. Nc3 Nf6 3. Nf3 Nc6 4. d4 d5 5. Bb5 Bd7 6. Ne5 Nxe5 7. Bxd7+ Nexd7 8. Bd2 Bb4 9. a3 Bxc3 10. Bxc3 O-O
11. Qf3 a5 12. h4 b5 13. Bd2 Ne4 14. Rh3 Qf6 15. g4 Qxf3 16. Rxf3 Ndf6 17. g5 Nxd2 18. Kxd2 Ne4+ 19. Ke1 c5 20. Rh3 cxd4
21. exd4 Rac8 22. c3 b4 23. axb4 axb4 24. f3 bxc3 25. bxc3 Rxc3
0-1

[Event "Three Checks: The power of three"]
[Site "SchemingMind.com"]
[Date "2010.12.11"]
[Round "-"]
[White "agentofchaos"]
[Black "Carlos Mena"]
[Result "0-1"]
[WhiteCountry "AUS"]
[BlackCountry "ARG"]
[WhiteElo "1230"]
[WhiteRD "152"]
[BlackElo "1841"]
[BlackRD "114"]
[GameID "269150"]

1. e4 c6 2. Nf3 e6 3. c3 d5 4. e5 Nd7 5. d4 f6 6. exf6 Ngxf6 7. Qd3 Bd6 8. g3 Qe7 9. Bg5 e5 10. Bh3 exd4+
11. Kd1 Ne5 12. Bd7+ Bxd7 13. Nxe5 Bg4+ 14. Nxg4 Qe1+
0-1

[Event "Three Checks: The power of three"]
[Site "SchemingMind.com"]
[Date "2010.12.09"]
[Round "-"]
[White "tom claxton"]
[Black "Carlos Mena"]
[Result "0-1"]
[WhiteCountry "ENG"]
[BlackCountry "ARG"]
[WhiteElo "1134"]
[WhiteRD "192"]
[BlackElo "1859"]
[BlackRD "118"]
[GameID "269151"]

1. d4 e6 2. Nc3 Bb4 3. Bd2 Nc6 4. e3 Nf6 5. Bd3 Qe7 6. Nf3 d5 7. Ne5 Bd7 8. Nxd7 Qxd7 9. a3 Be7 10. Nb5 g6
11. Nxc7+ Qxc7 12. h3 O-O 13. Qf3 e5 14. dxe5 Nxe5 15. Qe2 Nxd3+ 16. Qxd3 Rac8 17. c3 Rfe8 18. g3 Ne4 19. Rf1 Qc4 20. Qxc4 dxc4
21. O-O-O Rcd8 22. f3 Nxd2 23. Rxd2 Rxd2 24. Kxd2 Rd8+ 25. Ke2 Rd2+
0-1

[Event "Three Checks: The power of three"]
[Site "SchemingMind.com"]
[Date "2010.12.14"]
[Round "-"]
[White "Mark_Noble"]
[Black "Quirine"]
[Result "1-0"]
[WhiteCountry "NZL"]
[BlackCountry "NED"]
[WhiteElo "1892"]
[WhiteRD "153"]
[BlackElo "1732"]
[BlackRD "106"]
[GameID "269986"]

1. e4 e6 2. Nc3 b6 3. d4 Bb7 4. Bd3 a6 5. Nf3 c5 6. O-O cxd4 7. Nxd4 Nf6 8. Be3 Bc6 9. Qe2 Qc7 10. f4 Be7
11. Rae1 d6 12. Rf2 b5 13. a3 Nbd7 14. f5 e5 15. Ne6 fxe6 16. fxe6 Nf8 17. Rxf6
1-0

[Event "Three Checks: The power of three"]
[Site "SchemingMind.com"]
[Date "2010.12.14"]
[Round "-"]
[White "Mark_Noble"]
[Black "thefriediceman"]
[Result "1-0"]
[WhiteCountry "NZL"]
[BlackCountry "USA"]
[WhiteElo "1925"]
[WhiteRD "128"]
[BlackElo "1786"]
[BlackRD "100"]
[GameID "269987"]

1. e4 e6 2. Nc3 Bc5 3. d4 Bb4 4. Bd2 Nc6 5. Nf3 h6 6. Bd3 Nf6 7. Qe2 a6 8. h3 b5 9. d5 Ne7 10. O-O exd5
11. Nxd5 Nfxd5 12. exd5 Bd6 13. Rae1 Kf8 14. Ne5 Kg8 15. Nxf7 Qf8 16. Bh7+ Rxh7 17. Nxh6+ Rxh6 18. Qe6+
1-0

[Event "Three Checks: The power of three"]
[Site "SchemingMind.com"]
[Date "2010.12.14"]
[Round "-"]
[White "Mark_Noble"]
[Black "Carlos Mena"]
[Result "1-0"]
[WhiteCountry "NZL"]
[BlackCountry "ARG"]
[WhiteElo "1892"]
[WhiteRD "153"]
[BlackElo "1841"]
[BlackRD "114"]
[GameID "269990"]

1. e4 e6 2. Nc3 Nc6 3. Nf3 Bb4 4. a3 Ba5 5. Be2 Nge7 6. O-O O-O 7. d4 d6 8. Bg5 f6 9. Bh4 Bxc3 10. bxc3 d5
11. Bd3 Kh8 12. Nd2 Qe8 13. Qf3 Qf7 14. Rfe1 Bd7 15. Re3 Rae8 16. Rae1 Bc8 17. Qg3 Ng6 18. f4 Nxh4 19. Qxh4 dxe4 20. Qxh7+
1-0

[Event "Three Checks: The power of three"]
[Site "SchemingMind.com"]
[Date "2010.12.14"]
[Round "-"]
[White "Mark_Noble"]
[Black "tom claxton"]
[Result "1-0"]
[WhiteCountry "NZL"]
[BlackCountry "ENG"]
[WhiteElo "1619"]
[WhiteRD "205"]
[BlackElo "1134"]
[BlackRD "192"]
[GameID "269991"]

1. e4 e5 2. Qh5 Qf6 3. Bc4 g6 4. Bxf7+ Kxf7 5. Qf3 Qxf3 6. Nxf3 Ke8 7. Nc3 c6 8. Nxe5 Bd6 9. Nc4 Bc5 10. d4 Bxd4
11. Nd6+ Kf8 12. O-O Be5 13. Bh6+
1-0

[Event "Three Checks: The power of three"]
[Site "SchemingMind.com"]
[Date "2010.12.14"]
[Round "-"]
[White "Quirine"]
[Black "Mark_Noble"]
[Result "1-0"]
[WhiteCountry "NED"]
[BlackCountry "NZL"]
[WhiteElo "1828"]
[WhiteRD "112"]
[BlackElo "1619"]
[BlackRD "205"]
[GameID "269992"]

1. e3 Nf6 2. Nf3 e6 3. b3 Nc6 4. Bb2 Bb4 5. Be2 Qe7 6. a3 Bxd2+ 7. Nbxd2 O-O 8. h3 d6 9. Bd3 g6 10. Ng5 e5
11. O-O h6 12. Nge4 Nxe4 13. Nxe4 Bf5 14. f4 exf4 15. Nf6+
1-0

[Event "Three Checks: The power of three"]
[Site "SchemingMind.com"]
[Date "2010.12.14"]
[Round "-"]
[White "thefriediceman"]
[Black "Mark_Noble"]
[Result "0-1"]
[WhiteCountry "USA"]
[BlackCountry "NZL"]
[WhiteElo "1786"]
[WhiteRD "100"]
[BlackElo "1925"]
[BlackRD "128"]
[GameID "269993"]

1. e3 Nf6 2. Bc4 e6 3. Nc3 c6 4. Nf3 Bb4 5. a3 Ba5 6. b4 Bc7 7. Bb2 Qe7 8. Qe2 d5 9. Bb3 Nbd7 10. d4 O-O
11. Qd3 a5 12. b5 a4 13. Ba2 Bd6 14. Bb1 Re8 15. h4 Nf8 16. h5 Bd7 17. Rh4 cxb5 18. g4 b4 19. axb4 Bxb4 20. Kd1 a3
21. Bc1 Bxc3 22. Qxc3 Ne4 23. Qe1 Rec8 24. Bd2 a2 25. Rxa2 Rxa2 26. Bxa2 Qa3 27. Bb1 Qb2
0-1

[Event "Three Checks: The power of three"]
[Site "SchemingMind.com"]
[Date "2010.12.16"]
[Round "-"]
[White "agentofchaos"]
[Black "Mark_Noble"]
[Result "0-1"]
[WhiteCountry "AUS"]
[BlackCountry "NZL"]
[WhiteElo "1230"]
[WhiteRD "152"]
[BlackElo "1892"]
[BlackRD "153"]
[GameID "269995"]

1. e4 Nf6 2. e5 e6 3. exf6 Qxf6 4. Qe2 Bc5 5. Kd1 Qxf2 6. Qxf2 Bxf2 7. Nf3 O-O 8. b3 b6 9. Bd3 f5 10. Bb2 Bb7
11. Kc1 Nc6 12. Rf1 Bc5 13. Na3 Nb4 14. Ne5 Nxd3+ 15. Nxd3 d6 16. g3 e5 17. Nb5 Be4 18. Nxc7 Rac8 19. Ne6 Ba3 20. Bxa3 Rxc2+
21. Kxc2 Bxd3+
0-1

[Event "Three Checks: The power of three"]
[Site "SchemingMind.com"]
[Date "2010.12.14"]
[Round "-"]
[White "Carlos Mena"]
[Black "Mark_Noble"]
[Result "1-0"]
[WhiteCountry "ARG"]
[BlackCountry "NZL"]
[WhiteElo "1955"]
[WhiteRD "100"]
[BlackElo "1925"]
[BlackRD "128"]
[GameID "269996"]

1. e3 Nf6 2. Nc3 c6 3. Nf3 e6 4. d4 Bb4 5. Bd2 Qe7 6. Bd3 d5 7. O-O Bd6 8. Kh1 Nbd7 9. e4 dxe4 10. Nxe4 Nxe4
11. Bxe4 Nf6 12. Qe2 Nxe4 13. Qxe4 O-O 14. Bf4 Bxf4 15. Qxf4 c5 16. Rad1 b6 17. dxc5 bxc5 18. Qd6 Qxd6 19. Rxd6 Bb7 20. Ne5 Rad8
21. Rfd1 Rxd6 22. Rxd6 Bd5 23. c4 Be4 24. Nd7 Rc8 25. Nxc5 Bb1 26. Nb7 Bxa2 27. c5 Bd5 28. Rd8+ Rxd8 29. Nxd8 Kf8 30. c6 Ke8
31. c7 Kd7 32. c8=Q+ Kxc8 33. Nxf7 Kc7 34. Ng5 Kc6 35. Nxh7 Kb5 36. Nf8 a5 37. Nd7 Bb3 38. Ne5 a4 39. h4 Bd1 40. Kh2
1-0